| 000 | 00896nam a2200253 a 4500 | ||
|---|---|---|---|
| 001 | 000016386 | ||
| 005 | 20200120221954.0 | ||
| 008 | 001218s1989 col0 gr0 000 d | ||
| 020 | _a958-14-0195-4 | ||
| 090 |
_aALM _bARAJ |
||
| 100 | 0 | _aArango Cano, Jesús | |
| 245 | 1 | 0 |
_aMitología en América precolombina: México - aztecas, Colombia - Chibchas, Perú - Incas / _cJesús Arango Cano; producción editorial: Germán Leal. |
| 250 | _a1a. ed. | ||
| 260 |
_aSantafé de Bogotá : _bPlaza & Janes, _c1989. |
||
| 300 | _a115p. | ||
| 490 | 0 | _aSelección cultura colombiana | |
| 500 | _aEj. 2 de Marichuela donado por la Secretaría de Educación de Bogotá | ||
| 500 | _aEj.1 de Mosquera donado por la Biblioteca Nacional - PNLB 2012. | ||
| 650 | 1 | 4 | _aMITOLOGIA |
| 650 | 1 | 4 | _aMITOLOGIA AZTECA |
| 650 | 1 | 4 | _aMITOLOGIA INCAICA |
| 650 | 1 | 4 | _aMITOLOGIA CHIBCHA |
| 650 | 1 | 4 | _aMITOLOGIA INDIGENA |
| 999 |
_c997 _d997 |
||